| 000 -LEADER |
| fixed length control field |
01235 a2200241 4500 |
| 003 - CONTROL NUMBER IDENTIFIER |
| control field |
Nust |
| 005 - DATE AND TIME OF LATEST TRANSACTION |
| control field |
20220817110954.0 |
| 010 ## - LIBRARY OF CONGRESS CONTROL NUMBER |
| LC control number |
2005040445 |
| 020 ## - INTERNATIONAL STANDARD BOOK NUMBER |
| International Standard Book Number |
0387240675 (alk. paper) |
| 020 ## - INTERNATIONAL STANDARD BOOK NUMBER |
| International Standard Book Number |
0387240683 (e-book) |
| 040 ## - CATALOGING SOURCE |
| Transcribing agency |
Nust |
| 082 00 - DEWEY DECIMAL CLASSIFICATION NUMBER |
| Classification number |
621.38216,ELL |
| 245 00 - TITLE STATEMENT |
| Title |
Next generation transport networks : |
| Remainder of title |
data, management, and control planes / |
| Statement of responsibility, etc. |
Manohar Naidu Ellanti ... [et al.]. |
| 260 ## - PUBLICATION, DISTRIBUTION, ETC. |
| Place of publication, distribution, etc. |
New York : |
| Name of publisher, distributor, etc. |
Springer, |
| Date of publication, distribution, etc. |
c2005. |
| 300 ## - PHYSICAL DESCRIPTION |
| Extent |
xi, 710 p. : |
| Other physical details |
ill. ; |
| Dimensions |
25 cm. |
| 505 ## - FORMATTED CONTENTS NOTE |
| Formatted contents note |
Introduction to Transport Networks (Page-1), Switching (Page-39), SONET and SDH (Page-101),Next Generation Transport Technologies (Page-181), Management Architectures (Page-267), Management Information Models (Page-307), Management Technologies (Page-377), Transport Networks Surivability (Page-485), Control Plane (Page-587). |
| Miscellaneous information |
, |
| 650 #0 - SUBJECT ADDED ENTRY--TOPICAL TERM |
| Topical term or geographic name entry element |
Telecommunication engineering |
| General subdivision |
Switching systems. |
| 9 (RLIN) |
97634 |
| 650 #0 - SUBJECT ADDED ENTRY--TOPICAL TERM |
| Topical term or geographic name entry element |
Telecommunication systems. |
| 9 (RLIN) |
21843 |
| 700 1# - ADDED ENTRY--PERSONAL NAME |
| Personal name |
Ellanti, Manohar Naidu, |
| Dates associated with a name |
1966- |
| 9 (RLIN) |
97635 |
| 856 42 - ELECTRONIC LOCATION AND ACCESS |
| Materials specified |
Publisher description |
| Uniform Resource Identifier |
<a href="http://www.loc.gov/catdir/enhancements/fy0663/2005040445-d.html">http://www.loc.gov/catdir/enhancements/fy0663/2005040445-d.html</a> |
| 856 42 - ELECTRONIC LOCATION AND ACCESS |
| Materials specified |
Table of contents only |
| Uniform Resource Identifier |
<a href="http://www.loc.gov/catdir/enhancements/fy0819/2005040445-t.html">http://www.loc.gov/catdir/enhancements/fy0819/2005040445-t.html</a> |
| 942 ## - ADDED ENTRY ELEMENTS (KOHA) |
| Koha item type |
Reference |
| Source of classification or shelving scheme |
|